[Event "Laval op"]
[Site "Laval CAN"]
[Date "2019.06.21"]
[Round "1.9"]
[White "Tomb, Maroun"]
[Black "Craciun, David"]
[Result "1-0"]
[WhiteElo "2105"]
[BlackElo "1720"]
[PlyCount "55"]
[EventDate "2019.06.21"]
[EventType "swiss"]
[EventRounds "5"]
[EventCountry "CAN"]

1. c4 e6 2. Nc3 d5 3. d4 Nf6 4. cxd5 exd5 5. Bg5 Be7 6. Qc2 O-O 7. e3 Bg4 8.
Bd3 Nbd7 9. Nge2 c6 10. f3 Bh5 11. Nf4 Bg6 12. Nxg6 hxg6 13. O-O Re8 14. Kh1
Nf8 15. Ne2 Bd6 16. e4 Ne6 17. Bh4 g5 18. Bf2 Bc7 19. e5 Nh5 20. b4 Bb6 21. g3
Qd7 22. Qd2 Rec8 23. f4 gxf4 24. gxf4 Bd8 25. Rg1 Qe7 26. f5 Ng5 27. f6 Nxf6
28. Qxg5 1-0

[Event "Laval op"]
[Site "Laval CAN"]
[Date "2019.06.21"]
[Round "1.10"]
[White "Tinica, Gabriel"]
[Black "Soudre, Nicolas"]
[Result "1/2-1/2"]
[WhiteElo "1712"]
[BlackElo "2086"]
[PlyCount "85"]
[EventDate "2019.06.21"]
[EventType "swiss"]
[EventRounds "5"]
[EventCountry "CAN"]

1. d4 e6 2. Bf4 d5 3. e3 Bd6 4. Bg3 Nf6 5. Nd2 c5 6. c3 Nc6 7. Ngf3 O-O 8. Bd3
b6 9. Qe2 Bb7 10. a3 a5 11. e4 dxe4 12. Nxe4 Nxe4 13. Qxe4 g6 14. Rd1 Qe7 15.
Qe3 cxd4 16. cxd4 Rad8 17. O-O Bxg3 18. hxg3 Qf6 19. Bb5 Ba8 20. Bxc6 Bxc6 21.
Ne5 Bb5 22. Rfe1 Rd5 23. Rc1 Rfd8 24. Rc7 Be8 25. Nf3 a4 26. g4 g5 27. Rec1 h5
28. Qe4 Qg6 29. Qxg6+ fxg6 30. gxh5 gxh5 31. Re7 R5d7 32. Rxe6 g4 33. Ne5 Rxd4
34. Rxb6 Rd1+ 35. Rxd1 Rxd1+ 36. Kh2 Re1 37. Nd3 Re2 38. Kg3 Rd2 39. Nf4 Bf7
40. Ra6 h4+ 41. Kxh4 Bb3 42. Kxg4 Rxf2 43. g3 1/2-1/2

[Event "Laval op"]
[Site "Laval CAN"]
[Date "2019.06.21"]
[Round "1.11"]
[White "Saha, Ananda"]
[Black "Deschamps, Martin"]
[Result "1-0"]
[WhiteElo "2059"]
[BlackElo "1633"]
[PlyCount "73"]
[EventDate "2019.06.21"]
[EventType "swiss"]
[EventRounds "5"]
[EventCountry "CAN"]

1. Nf3 Nf6 2. g3 e6 3. Bg2 d5 4. O-O Be7 5. c4 O-O 6. b3 c5 7. Bb2 Nc6 8. d3
Qc7 9. Nbd2 Rd8 10. Re1 d4 11. a3 a5 12. Qc2 e5 13. h3 h6 14. e4 Nh7 15. Rf1
Ng5 16. Nxg5 hxg5 17. Nf3 g4 18. hxg4 Bxg4 19. Nh2 Be6 20. f4 exf4 21. gxf4 f6
22. Rae1 Bd6 23. Bc1 Rd7 24. e5 fxe5 25. f5 Bf7 26. Be4 Be7 27. Qg2 Bf6 28. Ng4
Kf8 29. Rf3 Ke7 30. Rh3 Rdd8 31. Kf2 a4 32. bxa4 Rxa4 33. Rh7 Raa8 34. Nxf6
gxf6 35. Rxf7+ Kxf7 36. Qg6+ Kf8 37. Bh6+ 1-0

[Event "Laval op"]
[Site "Laval CAN"]
[Date "2019.06.21"]
[Round "1.12"]
[White "Guipi Bopala, Prince Eric jr"]
[Black "Allard, Laurent"]
[Result "0-1"]
[WhiteElo "1619"]
[BlackElo "2054"]
[PlyCount "90"]
[EventDate "2019.06.21"]
[EventType "swiss"]
[EventRounds "5"]
[EventCountry "CAN"]

1. d4 Nf6 2. Bf4 g6 3. Nc3 d5 4. Qd2 Bg7 5. f3 O-O 6. O-O-O c6 7. e4 dxe4 8.
fxe4 Nbd7 9. Nf3 Qa5 10. Kb1 b5 11. Nd5 Qd8 12. Nxf6+ Nxf6 13. Bd3 Bb7 14. Rhe1
Qb6 15. c3 Rfd8 16. Qe2 c5 17. Bc2 b4 18. dxc5 Qxc5 19. Be3 Qa5 20. cxb4 Qxb4
21. Bd2 Qb6 22. Bc3 Rxd1+ 23. Rxd1 Rc8 24. Bd4 Qc7 25. e5 Nd5 26. g3 Ne3 27.
Bxe3 Bxf3 28. Qxf3 Qxc2+ 29. Ka1 Bxe5 30. Rb1 Rb8 31. Bc1 Qxh2 32. g4 a5 33.
Qa3 h5 34. gxh5 Qxh5 35. Qxe7 a4 36. a3 Bg7 37. Qa7 Qb5 38. Qe3 Qc6 39. Qe2 Bf6
40. Qe1 Rb3 41. Ka2 Qd5 42. Qe8+ Kg7 43. Bh6+ Kxh6 44. Qf8+ Kg5 45. Rg1+ Rg3+
0-1

[Event "Laval op"]
[Site "Laval CAN"]
[Date "2019.06.21"]
[Round "1.13"]
[White "Zhong, Kevin"]
[Black "Lafleche, Alain"]
[Result "1-0"]
[WhiteElo "2039"]
[BlackElo "1483"]
[PlyCount "87"]
[EventDate "2019.06.21"]
[EventType "swiss"]
[EventRounds "5"]
[EventCountry "CAN"]

1. e4 e5 2. Nf3 Nc6 3. Bc4 Nf6 4. d3 Bc5 5. c3 a6 6. O-O d6 7. Bb3 Ba7 8. Nbd2
O-O 9. h3 Nd7 10. Re1 Nc5 11. Bc2 Ne6 12. Nf1 Re8 13. Ng3 g6 14. Be3 d5 15.
exd5 Qxd5 16. Bb3 Qd7 17. Bxa7 Rxa7 18. Nxe5 Nxe5 19. Rxe5 Ng7 20. Rxe8+ Qxe8
21. Ne4 Qc6 22. Qf3 Be6 23. Re1 Bxb3 24. axb3 Kf8 25. Qe3 Ra8 26. Qh6 f5 27.
Qxh7 fxe4 28. Qh8+ Kf7 29. Qxa8 exd3 30. Qd8 Ne6 31. Qxd3 b5 32. Qe3 Qd5 33.
Qxe6+ Qxe6 34. Rxe6 Kxe6 35. Kf1 Kd5 36. Ke2 Ke4 37. f3+ Kf4 38. Kf2 c5 39. g3+
Ke5 40. Ke3 Kd5 41. h4 a5 42. g4 a4 43. h5 gxh5 44. gxh5 1-0

[Event "Laval op"]
[Site "Laval CAN"]
[Date "2019.06.21"]
[Round "1.14"]
[White "Zheng, Richard"]
[Black "Adam, Rafael"]
[Result "1-0"]
[WhiteElo "1993"]
[BlackElo "1367"]
[PlyCount "43"]
[EventDate "2019.06.21"]
[EventType "swiss"]
[EventRounds "5"]
[EventCountry "CAN"]

1. b3 e5 2. Bb2 Nc6 3. e3 d6 4. Bb5 Bd7 5. Nf3 Be7 6. c4 Nf6 7. d4 exd4 8. Bxc6
Bxc6 9. Qxd4 O-O 10. Nc3 Qd7 11. h3 Qf5 12. O-O-O b6 13. Rhe1 Rad8 14. e4 Qc8
15. Nh4 Ne8 16. Nf5 Bf6 17. Qd2 g6 18. Nd5 gxf5 19. Bxf6 Nxf6 20. Qg5+ Kh8 21.
Qxf6+ Kg8 22. Ne7# 1-0

[Event "Laval op"]
[Site "Laval CAN"]
[Date "2019.06.21"]
[Round "1.15"]
[White "Bilodeau-Savaria, Carl-William"]
[Black "Turcotte, Jonathan"]
[Result "0-1"]
[WhiteElo "1366"]
[BlackElo "1982"]
[PlyCount "62"]
[EventDate "2019.06.21"]
[EventType "swiss"]
[EventRounds "5"]
[EventCountry "CAN"]

1. d4 d5 2. c4 c6 3. Nf3 Nf6 4. Nc3 e6 5. Bg5 h6 6. Bh4 dxc4 7. a4 Bb4 8. Bxf6
Qxf6 9. a5 O-O 10. e4 Rd8 11. Bxc4 c5 12. Qb3 Nc6 13. dxc5 Bxc5 14. O-O Bb4 15.
Bb5 Bxc3 16. Qxc3 Qxc3 17. bxc3 Bd7 18. Rfd1 Be8 19. a6 b6 20. h4 Kf8 21. g4
Ke7 22. Kg2 Rac8 23. Rac1 f6 24. Kg3 e5 25. h5 Na5 26. Rxd8 Kxd8 27. Bxe8 Kxe8
28. Nh4 Nb3 29. Rd1 Rxc3+ 30. f3 Nd4 31. Rf1 Ra3 0-1

[Event "Laval op"]
[Site "Laval CAN"]
[Date "2019.06.21"]
[Round "1.16"]
[White "Nunez-Painchaud, Raphael"]
[Black "Gaumont, Xavier"]
[Result "1-0"]
[WhiteElo "1962"]
[BlackElo "1278"]
[PlyCount "113"]
[EventDate "2019.06.21"]
[EventType "swiss"]
[EventRounds "5"]
[EventCountry "CAN"]

1. d4 d5 2. c4 c6 3. Nf3 Bg4 4. Ne5 Nf6 5. Nc3 e6 6. Bg5 Bh5 7. Qb3 Qb6 8. e3
Qxb3 9. axb3 Nbd7 10. Nd3 Bd6 11. f3 Bg6 12. Be2 h5 13. Kd2 a6 14. c5 Bc7 15.
b4 e5 16. b5 Bxd3 17. Bxd3 cxb5 18. Nxb5 Bb8 19. b4 O-O 20. Ra3 exd4 21. exd4
axb5 22. Rxa8 Bf4+ 23. Bxf4 Rxa8 24. Bxb5 Ra2+ 25. Kc3 Rxg2 26. Bxd7 Nxd7 27.
b5 Ra2 28. c6 bxc6 29. bxc6 Nb6 30. Rb1 Na8 31. Kb4 f6 32. Kc5 g5 33. Bb8 Kf7
34. Kxd5 f5 35. Ke5 g4 36. d5 gxf3 37. d6 f2 38. Rf1 Ra5+ 39. Kf4 Ra6 40. c7
Nxc7 41. dxc7 Rc6 42. Kxf5 Rc5+ 43. Ke4 Ke7 44. Rxf2 Kd7 45. Rf8 Rc2 46. Rd8+
Ke6 47. c8=Q+ Rxc8 48. Rxc8 Kf6 49. h4 Ke6 50. Rc6+ Kd7 51. Kd5 Ke7 52. Ke5 Kd7
53. Rc7+ Ke8 54. Ke6 Kf8 55. Rb7 Ke8 56. Bd6 Kd8 57. Rb8# 1-0

[Event "Laval op"]
[Site "Laval CAN"]
[Date "2019.06.22"]
[Round "2.1"]
[White "Allard, Laurent"]
[Black "Roussel-Roozmon, Thomas"]
[Result "0-1"]
[WhiteElo "2054"]
[BlackElo "2463"]
[PlyCount "66"]
[EventDate "2019.06.21"]
[EventType "swiss"]
[EventRounds "5"]
[EventCountry "CAN"]

1. e4 g6 2. d4 Bg7 3. Nc3 d6 4. Be3 a6 5. Qd2 Nd7 6. h4 h5 7. f3 b5 8. Nh3 Bb7
9. Ng5 Rc8 10. O-O-O c5 11. dxc5 Nxc5 12. Bd4 Nf6 13. Kb1 Qc7 14. Bd3 b4 15.
Nd5 Bxd5 16. exd5 Qb7 17. Ne4 Ncxe4 18. Bxe4 Rc4 19. Qd3 Qc7 20. Rde1 a5 21.
Bb6 Qxb6 22. Qxc4 O-O 23. Bd3 Nd7 24. f4 Nc5 25. Qb5 Qa7 26. Re2 Rb8 27. Qc6 b3
28. Bb5 bxa2+ 29. Kxa2 a4 30. Rh3 Qa5 31. c4 Qb4 32. Qc7 Rxb5 33. cxb5 Qc4+ 0-1

[Event "Laval op"]
[Site "Laval CAN"]
[Date "2019.06.22"]
[Round "2.3"]
[White "Turcotte, Jonathan"]
[Black "Zhu, Hong Rui"]
[Result "1/2-1/2"]
[WhiteElo "1982"]
[BlackElo "2275"]
[PlyCount "59"]
[EventDate "2019.06.21"]
[EventType "swiss"]
[EventRounds "5"]
[EventCountry "CAN"]

1. d4 d5 2. c4 e6 3. Nf3 c6 4. Bg5 f6 5. Bd2 Bd6 6. Nc3 f5 7. Bg5 Nf6 8. e3 O-O
9. Bd3 Nbd7 10. cxd5 cxd5 11. O-O a6 12. Qe2 Qe8 13. Bf4 Qe7 14. Rac1 Ne4 15.
Rc2 Nb6 16. Bxd6 Qxd6 17. Ne5 Bd7 18. Rfc1 Rfc8 19. f3 Ng5 20. h4 Nf7 21. f4
Nxe5 22. fxe5 Qe7 23. Qf2 Rc6 24. Ne2 Rac8 25. Rxc6 Rxc6 26. Rxc6 Bxc6 27. Nf4
Bd7 28. b3 Qb4 29. Kf1 Qc3 30. Qc2 1/2-1/2

[Event "Laval op"]
[Site "Laval CAN"]
[Date "2019.06.22"]
[Round "2.4"]
[White "Rodrigue-Lemieux, Shawn"]
[Black "Saha, Ananda"]
[Result "1/2-1/2"]
[WhiteElo "2257"]
[BlackElo "2059"]
[PlyCount "88"]
[EventDate "2019.06.21"]
[EventType "swiss"]
[EventRounds "5"]
[EventCountry "CAN"]

1. Nh3 Na6 2. Na3 Nh6 3. d4 d5 4. Bxh6 Bxh3 5. Bxg7 Bxg7 6. gxh3 c5 7. e3 cxd4
8. exd4 Qb6 9. Nb5 Nb4 10. c3 a6 11. Na3 Nc6 12. Qb3 Qxb3 13. axb3 Kd7 14. Bg2
e6 15. O-O b5 16. Nc2 a5 17. f4 f5 18. Ne1 b4 19. Nd3 bxc3 20. bxc3 Nxd4 21.
cxd4 Bxd4+ 22. Kh1 Bxa1 23. Rxa1 Rhc8 24. Kg1 Rc3 25. Bf1 Kd6 26. Ra3 a4 27.
Rxa4 Rxa4 28. bxa4 Ra3 29. Kf2 Rxa4 30. h4 Ra2+ 31. Be2 Ra3 32. h5 Ke7 33. Ne5
h6 34. Nc6+ Kf6 35. h3 Ra4 36. Ke3 Ra3+ 37. Bd3 Ra4 38. Ne5 Ra3 39. h4 Ra4 40.
Bb5 Ra3+ 41. Nd3 Ra5 42. Bc6 Ra6 43. Bb5 Ra5 44. Bc6 Ra6 1/2-1/2

[Event "Laval op"]
[Site "Laval CAN"]
[Date "2019.06.22"]
[Round "2.5"]
[White "Villeneuve, Robert"]
[Black "Leveille, Francois"]
[Result "0-1"]
[WhiteElo "1930"]
[BlackElo "2215"]
[PlyCount "56"]
[EventDate "2019.06.21"]
[EventType "swiss"]
[EventRounds "5"]
[EventCountry "CAN"]

1. e4 c5 2. Nf3 Nc6 3. d4 cxd4 4. Nxd4 e5 5. Nb5 d6 6. c4 Be7 7. N1c3 a6 8. Na3
f5 9. exf5 Bxf5 10. Bd3 Bxd3 11. Qxd3 Nb4 12. Qe2 Nf6 13. O-O O-O 14. Nc2 Nc6
15. Be3 Rc8 16. b3 d5 17. Nxd5 Nxd5 18. cxd5 Qxd5 19. Rfd1 Qa5 20. Qc4+ Kh8 21.
Rd5 b5 22. Qd3 Bf6 23. Bd2 Qc7 24. Rc1 Qf7 25. Rf1 e4 26. Qxe4 Rfe8 27. Qd3 Ne5
28. Qe4 Ng4 0-1

[Event "Laval op"]
[Site "Laval CAN"]
[Date "2019.06.22"]
[Round "2.6"]
[White "Feoktistov, Dmitri"]
[Black "Zhong, Kevin"]
[Result "1-0"]
[WhiteElo "2139"]
[BlackElo "2039"]
[PlyCount "87"]
[EventDate "2019.06.21"]
[EventType "swiss"]
[EventRounds "5"]
[EventCountry "CAN"]

1. d4 d5 2. c4 e6 3. Nc3 Nf6 4. cxd5 exd5 5. Bg5 Be7 6. e3 c6 7. Bd3 Ne4 8. Bf4
Nxc3 9. bxc3 Bd6 10. Ne2 O-O 11. Qc2 g6 12. h4 Bxf4 13. Nxf4 Qf6 14. h5 Be6 15.
hxg6 hxg6 16. Rh6 Qg5 17. Rxg6+ fxg6 18. Nxe6 Qxg2 19. Nxf8 Kxf8 20. Rb1 b6 21.
Bxg6 Kg7 22. Be8 Na6 23. Bxc6 Rf8 24. Bb5 Nc7 25. Bf1 Qg1 26. Qe2 Ne6 27. f4
Re8 28. Qf2 Qh1 29. Kd2 Kf7 30. Qg2 Qxg2+ 31. Bxg2 Nc7 32. Rh1 Rg8 33. Bf3 Ke6
34. Rh6+ Kd7 35. f5 Rg3 36. Ke2 Nb5 37. Bxd5 Nxc3+ 38. Kf2 Rg5 39. Be6+ Kd6 40.
Kf3 Rg1 41. Bc4+ Kc7 42. f6 b5 43. f7 bxc4 44. Kf2 1-0

[Event "Laval op"]
[Site "Laval CAN"]
[Date "2019.06.22"]
[Round "2.7"]
[White "Bilodeau-Savaria, Sandy-Rose"]
[Black "Martinez Mulet, Dario Leonel"]
[Result "0-1"]
[WhiteElo "1425"]
[BlackElo "2123"]
[PlyCount "96"]
[EventDate "2019.06.21"]
[EventType "swiss"]
[EventRounds "5"]
[EventCountry "CAN"]

1. d4 d5 2. c4 c6 3. Nf3 Nf6 4. Nc3 e6 5. e3 Nbd7 6. Bd3 dxc4 7. Bxc4 b5 8. Bd3
Bb7 9. a3 a6 10. O-O c5 11. dxc5 Nxc5 12. Bc2 Qc7 13. h3 Rd8 14. Qe2 Be7 15. b4
Ncd7 16. Bb2 Nb6 17. Nd2 O-O 18. e4 Bd6 19. Rac1 Bh2+ 20. Kh1 Bf4 21. Rcd1 Bxd2
22. Rxd2 Rxd2 23. Qxd2 Nc4 24. Qc1 Nxb2 25. Qxb2 Rc8 26. Rc1 Qxc3 27. Qxc3 Rxc3
28. e5 Nd5 29. Kg1 g6 30. Kf1 Nf4 31. f3 Nd3 32. Rd1 Rxc2 33. Rxd3 Bd5 34. Kg1
Re2 35. Kh2 Rxe5 36. Rc3 Bc4 37. h4 Rd5 38. Kh3 Rd3 39. Rxd3 Bxd3 40. g4 f5 41.
g5 e5 42. Kg3 e4 43. fxe4 fxe4 44. Kf4 Kf7 45. Ke3 Ke6 46. Kf4 Kd5 47. Ke3 Kc4
48. Kf4 Kb3 0-1

[Event "Laval op"]
[Site "Laval CAN"]
[Date "2019.06.22"]
[Round "2.8"]
[White "Tanaka, Tyler"]
[Black "Zheng, Richard"]
[Result "1-0"]
[WhiteElo "2109"]
[BlackElo "1993"]
[PlyCount "111"]
[EventDate "2019.06.21"]
[EventType "swiss"]
[EventRounds "5"]
[EventCountry "CAN"]

1. Nf3 Nf6 2. g3 d5 3. Bg2 c6 4. O-O e6 5. d3 Be7 6. c4 O-O 7. b3 b5 8. Nbd2
Bb7 9. Bb2 Nbd7 10. Qc2 Rc8 11. Rac1 a6 12. e4 Qb6 13. Rfe1 Bb4 14. a3 Bxd2 15.
Nxd2 c5 16. exd5 exd5 17. Re7 d4 18. Bxb7 Qxb7 19. Rce1 Rfe8 20. cxb5 axb5 21.
Rxe8+ Rxe8 22. Rxe8+ Nxe8 23. b4 Qd5 24. Qb3 Nc7 25. Qxd5 Nxd5 26. bxc5 Nxc5
27. Bxd4 Nxd3 28. Kf1 Nc1 29. Ke1 f6 30. Kd1 Nd3 31. Kc2 Ne1+ 32. Kd1 Nd3 33.
Nf3 b4 34. Kc2 Ne5 35. Bxe5 fxe5 36. a4 e4 37. Nd2 e3 38. fxe3 Nxe3+ 39. Kb3
Kf7 40. Kxb4 Ke7 41. Nc4 Nc2+ 42. Kc5 Kd7 43. Kb6 Nb4 44. a5 Ke6 45. Ne3 Kd7
46. Kb5 Nc6 47. a6 g6 48. Kb6 Ne7 49. Kb7 Nc6 50. Nc4 Nd8+ 51. Kb6 Ne6 52. a7
Nc7 53. Kb7 Kd8 54. Nb6 h5 55. h4 g5 56. hxg5 1-0

[Event "Laval op"]
[Site "Laval CAN"]
[Date "2019.06.22"]
[Round "2.9"]
[White "Huang, Qiuyu"]
[Black "Nunez-Painchaud, Raphael"]
[Result "1/2-1/2"]
[WhiteElo "2181"]
[BlackElo "1962"]
[PlyCount "90"]
[EventDate "2019.06.21"]
[EventType "swiss"]
[EventRounds "5"]
[EventCountry "CAN"]

1. e4 c5 2. Nf3 Nc6 3. d4 cxd4 4. Nxd4 Nf6 5. Nc3 e5 6. Ndb5 d6 7. Bg5 a6 8.
Na3 b5 9. Nd5 Be7 10. Bxf6 Bxf6 11. c4 b4 12. Nc2 Rb8 13. b3 Bg5 14. g3 O-O 15.
h4 Bh6 16. Bh3 Be6 17. Kf1 a5 18. Kg2 Ne7 19. Nce3 Bxe3 20. Nxe3 Bxh3+ 21. Rxh3
f5 22. exf5 Nxf5 23. Nxf5 Rxf5 24. Qd5+ Kh8 25. Rhh1 Qf6 26. Rhf1 Rf8 27. f3 g5
28. hxg5 Rxg5 29. Rh1 e4 30. Qxe4 Qb2+ 31. Kh3 Qf2 32. Qh4 Rfg8 33. Rhg1 Qxf3
34. Raf1 Rxg3+ 35. Rxg3 Qxf1+ 36. Kh2 Qf2+ 37. Kh3 Rxg3+ 38. Qxg3 Qxg3+ 39.
Kxg3 Kg7 40. Kf4 Kf6 41. Kg4 Kg6 42. Kf4 h5 43. Kg3 Kg5 44. Kf3 h4 45. Kg2 Kg4
1/2-1/2

[Event "Laval op"]
[Site "Laval CAN"]
[Date "2019.06.22"]
[Round "2.10"]
[White "Soudre, Nicolas"]
[Black "Baran, Marius"]
[Result "1-0"]
[WhiteElo "2086"]
[BlackElo "1648"]
[PlyCount "92"]
[EventDate "2019.06.21"]
[EventType "swiss"]
[EventRounds "5"]
[EventCountry "CAN"]

1. e4 c5 2. Nf3 d6 3. d4 cxd4 4. Nxd4 Nf6 5. Nc3 a6 6. g3 b5 7. Bg2 Bb7 8. O-O
g6 9. Re1 e5 10. Nb3 Nbd7 11. Nd5 Nxd5 12. exd5 Be7 13. Bh6 Bg5 14. Bxg5 Qxg5
15. Na5 Rb8 16. Nc6 O-O 17. h4 Qf6 18. Nxb8 Rxb8 19. a4 b4 20. Qg4 Bc8 21. Qc4
Nc5 22. a5 Bd7 23. Qe2 h5 24. Qd2 Bf5 25. b3 Kg7 26. Rac1 Rb7 27. Bf1 Qd8 28.
Kh2 Qf6 29. Qg5 Ra7 30. Qxf6+ Kxf6 31. f3 Rc7 32. Bc4 Kg7 33. Rg1 Bc8 34. g4
hxg4 35. fxg4 f5 36. gxf5 Bxf5 37. h5 Kh6 38. hxg6 Bxg6 39. Rcf1 Rh7 40. Rg2
Kg7+ 41. Kg1 Rh3 42. Rf5 Kh7 43. Rf6 Be4 44. Rh2 Kg7 45. Rxd6 Rc3 46. Rc6 Bxc2
1-0

[Event "Laval op"]
[Site "Laval CAN"]
[Date "2019.06.22"]
[Round "2.11"]
[White "Han, Johnathan"]
[Black "Brassard, Sylvain"]
[Result "0-1"]
[WhiteElo "1585"]
[BlackElo "2018"]
[PlyCount "118"]
[EventDate "2019.06.21"]
[EventType "swiss"]
[EventRounds "5"]
[EventCountry "CAN"]

1. e4 Nf6 2. e5 Nd5 3. c4 Nb6 4. d4 d6 5. exd6 exd6 6. Nc3 Nc6 7. h3 Bf5 8. a3
Be7 9. Nf3 Bf6 10. Be2 O-O 11. O-O Re8 12. Be3 h6 13. Re1 a5 14. b3 g5 15. Qd2
Ne7 16. Nh2 Bg6 17. d5 Nd7 18. Ng4 Bg7 19. Bd4 Bxd4 20. Qxd4 Nf5 21. Qd2 h5 22.
Nh2 Nc5 23. Qd1 Qf6 24. Nb5 Re7 25. Nf3 Rae8 26. b4 Rxe2 27. Rxe2 Rxe2 28. bxc5
dxc5 29. Qxe2 Qxa1+ 30. Kh2 Qc1 31. Ne5 Nd4 32. Nxd4 Qf4+ 33. g3 Qxd4 34. Nxg6
fxg6 35. Qe8+ Kh7 36. Qe7+ Kh6 37. Qf8+ Kh7 38. Qe7+ Kh6 39. Qf8+ Kh7 40. Qe7+
Qg7 41. Qxc5 b6 42. Qc6 Qe7 43. Kg2 Kg7 44. Kf3 Qxa3+ 45. Kg2 Qd6 46. Qa4 Kf6
47. Kf3 Ke7 48. Kg2 Qd7 49. Qa3+ Kf7 50. Qf3+ Qf5 51. Qa3 Qe4+ 52. Kh2 Qxc4 53.
Qf3+ Kg7 54. Qe3 Qxd5 55. Qe7+ Qf7 56. Qxg5 Qxf2+ 57. Kh1 Qf7 58. Qe5+ Kh7 59.
h4 a4 0-1

[Event "Laval op"]
[Site "Laval CAN"]
[Date "2019.06.22"]
[Round "2.12"]
[White "Yang, Kun"]
[Black "Xu, Daniel"]
[Result "0-1"]
[WhiteElo "1559"]
[BlackElo "1907"]
[PlyCount "68"]
[EventDate "2019.06.21"]
[EventType "swiss"]
[EventRounds "5"]
[EventCountry "CAN"]

1. c4 Nf6 2. Nf3 g6 3. d4 Bg7 4. g3 O-O 5. Bg2 d6 6. O-O Nc6 7. Nc3 a6 8. e3
Rb8 9. Qe2 b5 10. cxb5 axb5 11. Nxb5 Ba6 12. a4 Na7 13. Qd2 Nxb5 14. axb5 Bxb5
15. Rd1 Nd7 16. b4 c5 17. bxc5 Nxc5 18. Ra3 Nd7 19. Bb2 Nb6 20. Raa1 Nc4 21.
Qc2 Nxb2 22. Qxb2 Ba4 23. Qd2 Bxd1 24. Qxd1 Qb6 25. Rc1 Rfc8 26. Rxc8+ Rxc8 27.
Ne1 Qb2 28. Nd3 Qa2 29. Bf3 Rb8 30. Kg2 e5 31. d5 f5 32. e4 Rb1 33. Qe2 Qxe2
34. Bxe2 fxe4 0-1

[Event "Laval op"]
[Site "Laval CAN"]
[Date "2019.06.22"]
[Round "2.13"]
[White "Page, Dany"]
[Black "Dumoulin, Sylvain"]
[Result "1/2-1/2"]
[WhiteElo "1537"]
[BlackElo "1847"]
[PlyCount "39"]
[EventDate "2019.06.21"]
[EventType "swiss"]
[EventRounds "5"]
[EventCountry "CAN"]

1. Nf3 d5 2. d4 Nf6 3. e3 a6 4. Bd3 b5 5. c3 Bb7 6. a4 bxa4 7. Qxa4+ Qd7 8. Qb3
Qc8 9. Nbd2 Nbd7 10. Qc2 c5 11. O-O c4 12. Be2 e6 13. b3 cxb3 14. Qxb3 Rb8 15.
Ba3 Bc6 16. Qc2 Bxa3 17. Rxa3 Bb5 18. c4 Nb6 19. Rc1 dxc4 20. Ne5 1/2-1/2

[Event "Laval op"]
[Site "Laval CAN"]
[Date "2019.06.22"]
[Round "2.15"]
[White "Yan, Alex Jikai"]
[Black "Bisaillon, Marc"]
[Result "1/2-1/2"]
[WhiteElo "1417"]
[BlackElo "1752"]
[PlyCount "133"]
[EventDate "2019.06.21"]
[EventType "swiss"]
[EventRounds "5"]
[EventCountry "CAN"]

1. e4 d5 2. exd5 Nf6 3. Nf3 Bg4 4. Be2 Qxd5 5. O-O Nc6 6. Nc3 Qf5 7. d3 O-O-O
8. Nh4 Qh5 9. Bxg4+ Nxg4 10. h3 Qxh4 11. Qxg4+ Qxg4 12. hxg4 Nd4 13. Bf4 Nxc2
14. Rac1 Nd4 15. Rfe1 Nc6 16. Red1 e5 17. Be3 a6 18. a3 Nd4 19. Bxd4 exd4 20.
Ne4 Be7 21. Rc2 h5 22. Rdc1 c6 23. g5 f5 24. gxf6 gxf6 25. Re1 h4 26. Nc5 Bxc5
27. Rxc5 h3 28. g3 Rde8 29. Rcc1 Kd7 30. Kh2 Kd6 31. Rxe8 Rxe8 32. Rc2 Rh8 33.
f4 c5 34. b3 Kd5 35. g4 b5 36. a4 bxa4 37. bxa4 Rh4 38. Kg3 h2 39. Rxh2 Rxh2
40. Kxh2 c4 41. dxc4+ Kxc4 42. g5 fxg5 43. fxg5 d3 44. g6 d2 45. g7 d1=Q 46.
g8=Q+ Kb4 47. Qa8 Qxa4 48. Kg1 Qb5 49. Kf2 a5 50. Ke1 Qd3 51. Qb7+ Ka3 52. Qe7+
Ka2 53. Qa7 Qb5 54. Qf2+ Qb2 55. Qa7 Qc1+ 56. Ke2 Qc2+ 57. Ke3 a4 58. Kf4 a3
59. Kg5 Kb2 60. Qb6+ Ka2 61. Qe6+ Ka1 62. Qe5+ Kb1 63. Qb5+ Qb2 64. Qd3+ Kc1
65. Qe4 Kd2 66. Qd5+ Ke3 67. Qe6+ 1/2-1/2

[Event "Laval op"]
[Site "Laval CAN"]
[Date "2019.06.22"]
[Round "2.16"]
[White "Durette, Francis"]
[Black "Tinica, Gabriel"]
[Result "1/2-1/2"]
[WhiteElo "1924"]
[BlackElo "1712"]
[PlyCount "79"]
[EventDate "2019.06.21"]
[EventType "swiss"]
[EventRounds "5"]
[EventCountry "CAN"]

1. Nf3 Nf6 2. c4 g6 3. d4 c5 4. e3 Bg7 5. Nc3 O-O 6. g3 d6 7. Bg2 Na6 8. O-O
Nc7 9. Qc2 Bf5 10. e4 cxd4 11. Nxd4 Bd7 12. Rd1 Qc8 13. b3 Rb8 14. f3 b5 15.
cxb5 Nxb5 16. Ncxb5 Qxc2 17. Nxc2 Bxb5 18. Nd4 Nd7 19. Be3 Nc5 20. Rac1 Bxd4
21. Bxd4 Ne6 22. Be3 a5 23. Rd5 a4 24. f4 axb3 25. axb3 Bd7 26. Rd3 Rfc8 27.
Rxc8+ Bxc8 28. f5 Ba6 29. Rc3 Nc5 30. Bxc5 dxc5 31. Kf2 gxf5 32. exf5 Bb7 33.
Bxb7 Rxb7 34. Ke3 Rb4 35. Kd2 Kg7 36. Kc2 Rb5 37. g4 Kf6 38. Rh3 Rb4 39. Rg3 c4
40. bxc4 1/2-1/2

[Event "Laval op"]
[Site "Laval CAN"]
[Date "2019.06.22"]
[Round "2.17"]
[White "Craciun, David"]
[Black "Abdelaal, Ibrahim"]
[Result "1/2-1/2"]
[WhiteElo "1720"]
[BlackElo "1903"]
[PlyCount "57"]
[EventDate "2019.06.21"]
[EventType "swiss"]
[EventRounds "5"]
[EventCountry "CAN"]

1. d4 Nf6 2. Bf4 b5 3. e3 Bb7 4. Nf3 a6 5. Bd3 e6 6. O-O c5 7. c3 Be7 8. h3 O-O
9. Nbd2 c4 10. Bc2 d5 11. Ne5 Ne4 12. Nxe4 dxe4 13. b3 cxb3 14. axb3 Nd7 15. c4
Nxe5 16. Bxe5 Bf6 17. Bxf6 Qxf6 18. Qe2 bxc4 19. bxc4 Rfc8 20. Rfb1 Qe7 21. Rb6
Qc7 22. c5 a5 23. Ba4 Bd5 24. Rab1 Rcb8 25. Qd2 Rxb6 26. Rxb6 g6 27. Qb2 Ra7
28. Qb5 Kg7 29. c6 1/2-1/2

[Event "Laval op"]
[Site "Laval CAN"]
[Date "2019.06.22"]
[Round "2.18"]
[White "Kagle, Sasha"]
[Black "Deschamps, Martin"]
[Result "0-1"]
[WhiteElo "1830"]
[BlackElo "1633"]
[PlyCount "58"]
[EventDate "2019.06.21"]
[EventType "swiss"]
[EventRounds "5"]
[EventCountry "CAN"]

1. d4 Nf6 2. c4 e6 3. Nf3 c5 4. d5 exd5 5. cxd5 d6 6. Nc3 g6 7. Bf4 Bg7 8. Qa4+
Bd7 9. Qb3 Qc7 10. e4 O-O 11. h3 Re8 12. Nd2 Na6 13. a4 Nb4 14. Be2 a6 15. a5
b5 16. axb6 Qxb6 17. Nc4 Nd3+ 18. Bxd3 Qxb3 19. Ra3 Qb4 20. Nxd6 Qxb2 21. Nc4
Qb4 22. O-O Nxe4 23. Rb1 Nxc3 24. Rxb4 cxb4 25. Rb3 a5 26. Nd6 Re1+ 27. Kh2
Nxd5 28. Be4 Rxe4 29. Nxe4 Nxf4 0-1

[Event "Laval op"]
[Site "Laval CAN"]
[Date "2019.06.22"]
[Round "2.19"]
[White "Lafleche, Alain"]
[Black "Latorre, Vincent"]
[Result "0-1"]
[WhiteElo "1483"]
[BlackElo "1822"]
[PlyCount "100"]
[EventDate "2019.06.21"]
[EventType "swiss"]
[EventRounds "5"]
[EventCountry "CAN"]

1. e4 c5 2. Nf3 d6 3. d4 cxd4 4. Nxd4 Nf6 5. Nc3 g6 6. f3 Bg7 7. Be3 Nc6 8. Qd2
Bd7 9. O-O-O Rc8 10. g4 O-O 11. h4 h5 12. Bh6 Nxd4 13. Bxg7 Kxg7 14. Qxd4 hxg4
15. e5 dxe5 16. Qxe5 Qc7 17. Qe3 Qc5 18. Qg5 b5 19. Bd3 b4 20. Ne4 Nxe4 21.
Bxe4 Qxg5+ 22. hxg5 Be6 23. Kb1 Rc5 24. f4 Rc4 25. Rhe1 Rh8 26. b3 Rc5 27. Kb2
Rhc8 28. Rd2 a5 29. a3 R5c7 30. axb4 axb4 31. Rd4 Bf5 32. Re2 Rb8 33. Re3 Rb5
34. Bd3 Rb8 35. Re1 Ra7 36. Re5 f6 37. Rc5 fxg5 38. fxg5 e6 39. Rc6 e5 40. Rdd6
e4 41. Be2 Rba8 42. Ba6 g3 43. Bf1 e3 44. Ba6 g2 45. Rd1 Rxa6 46. Rxa6 Rxa6 47.
Rg1 e2 48. c3 bxc3+ 49. Kxc3 Rd6 50. Re1 Rd1 0-1